| 000 | 01347nam a22004217a 4500 | ||
|---|---|---|---|
| 001 | 0035629 | ||
| 003 | KOHA_MİRAKIL | ||
| 005 | 20260207002946.0 | ||
| 007 | ta | ||
| 008 | 120224b1981 tu a|||gr||||#||||0|tur | | ||
| 040 |
_aTR-BiSEU _btur _cTR-BiSEU _erda |
||
| 041 | 0 | _atur | |
| 044 | _ctu | ||
| 050 |
_aQ180 _b.T87 1981 |
||
| 100 | 1 | _aTürkbal, Aydın. | |
| 245 | 1 |
_aBilimsel araştırma metodları ve uygulamalı istatistik/ _cAydın Türkbal ; Aydın Türkbal. |
|
| 264 | 1 |
_aErzurum : _bAtatürk Üniversitesi _c1981 |
|
| 300 |
_a276, [4] sayfa : _bgrf., tbl. ; _c24 cm. |
||
| 336 |
_ametin _btxt _2rdacontent |
||
| 337 |
_aaracısız _bn _2rdamedia |
||
| 338 |
_acilt _bnc _2rdacarrier |
||
| 490 | 1 |
_a Atatürk Üniversitesi yayınları ; _vno: 561. |
|
| 490 | 1 |
_aİşletme Fakültesi yayınları ; _vno. |
|
| 490 | 1 | _a76. | |
| 490 | 1 |
_aDers kitabı serisi ; _vno. |
|
| 490 | 1 | _a18 | |
| 500 | _aKaynakça var. | ||
| 650 | 0 |
_aResearch--Methodoloji. _967976 |
|
| 650 | 0 |
_aAraştırma--Metodoloji. _91997 |
|
| 650 | 0 |
_aStatistics. _91957 |
|
| 650 | 0 |
_aİstatistik. _91712 |
|
| 830 | 1 |
_a Atatürk Üniversitesi yayınları ; _vno: 561. _967977 |
|
| 830 | 1 |
_aİşletme Fakültesi yayınları ; _vno. _98509 |
|
| 830 | 1 |
_a76. _96534 |
|
| 830 | 1 |
_aDers kitabı serisi ; _vno. _967978 |
|
| 830 | 1 |
_a18 _913537 |
|
| 942 |
_2lcc _cBK |
||
| 999 |
_c35532 _d35532 |
||